| 000 | 00415nam a2200121Ia 4500 | ||
|---|---|---|---|
| 008 | 160609s9999 xx 000 0 und d | ||
| 100 | _aSue, Derald Wing. | ||
| 245 | _aCase Studies In Multicultural Counseling And Therapy | ||
| 245 | _cBy:Derald Wing Sue, Helen A. Neville, Miguel E. Gallardo | ||
| 260 | _c2013 | ||
| 650 | _xGUIDANCE & COUNSELING | ||
| 856 | _uhttp://file.ebook777.com/009/CasStuInMulCouAndThe.pdf | ||
| 999 |
_c295840 _d295840 |
||